2: L'acquisto dell'ottone ; Breviario di estetica teatrale e altre riflessioni, 1937-1956 /
Guardat en:
| Autor principal: | |
|---|---|
| Format: | Llibre |
| Idioma: | italià |
| Publicat: |
Torino :
Einaudi,
[1975]
|
| Col·lecció: | Saggi ;
540 |
| Etiquetes: |
Sense etiquetes, Sigues el primer a etiquetar aquest registre!
|
MARC
| LEADER | 00000nam a22000007ib4500 | ||
|---|---|---|---|
| 001 | IT\ICCU\RAV\0079436 | ||
| 003 | ItRI | ||
| 005 | 20260115232227.0 | ||
| 008 | 891204s1975 it |||||| ||||| |||||c | ||
| 015 | |2 IT |a 763071 | ||
| 040 | |b ita |c importazione bologna sebina | ||
| 041 | 7 | |a ita |2 ISO-639-2 | |
| 082 | |a 832.912 |9 Letteratura drammatica tedesca. 1900-1945 |2 22 | ||
| 100 | 1 | |a Brecht, Bertolt |0 IT\ICCU\CFIV\001172 |4 aut | |
| 245 | 1 | 5 | |a 2: L'acquisto dell'ottone ; Breviario di estetica teatrale e altre riflessioni, 1937-1956 / |c Bertolt Brecht. |
| 260 | |a Torino : |b Einaudi, |c [1975] | ||
| 300 | |a X, 303 p. ; |c 22 cm. | ||
| 500 | |a pp. 3-151 |9 IT\ICCU\RAV\0079438 | ||
| 500 | |a pp. 153-191 |9 IT\ICCU\RAV\0079439 | ||
| 773 | 0 | |w IT\ICCU\RAV\0079432 |t Scritti teatrali |g 2 |a Brecht, Bertolt |0 IT\ICCU\CFIV\001172 | |
| 777 | 0 | |w IT\ICCU\RAV\0079438 |t "L'acquisto dell'ottone" |a Brecht, Bertolt |0 IT\ICCU\CFIV\001172 | |
| 777 | 0 | |w IT\ICCU\RAV\0079439 |t Breviario di estetica teatrale |a Brecht, Bertolt |0 IT\ICCU\CFIV\001172 | |
| 790 | 1 | |a Brecht, Bertholt |3 IT\ICCU\CFIV\132054 |z Brecht, Bertolt | |
| 790 | 1 | |a Brecht, Bertold |3 IT\ICCU\NAPV\085293 |z Brecht, Bertolt | |
| 790 | 1 | |a Brecht, Eugen Berthold Friedrich |3 IT\ICCU\SBNV\057020 |z Brecht, Bertolt | |
| 830 | 0 | |a Saggi ; |v 540 |0 IT\ICCU\CFI\0000099 | |
| 942 | |2 ddc |c BK |n 0 | ||
| 952 | |0 0 |1 0 |4 0 |6 DOC_792_900000000000000_BRE |7 0 |9 22396 |a BO |b BO |d 2026-01-15 |i 5659 |l 0 |o DOC 792.9 BRE |p BO5659 |r 2026-01-15 23:22:27 |w 2026-01-15 |x [Sebina 5] [V. 1-3] |y BK |z V. 2 | ||
| 999 | |c 19128 |d 19128 | ||